Statistics for Find a country on...#3

Click here to take the quiz!

General Stats

  • This quiz has been taken 23 times
  • The average score is 6 of 7

Answers on the Map

Answers color-coded by a green-red scale on the quiz's map according to % correct below.
 

Answer Stats

Answer% Correct
Kosovo
95%
Macedonia
95%
Somalia
95%
Uganda
95%
Latvia
86%
Lesotho
82%
Niger
77%

Score Distribution

Percentile by Number Answered

Percent of People with Each Score

Your Score History

You have not taken this quiz